Die Gemeindebetriebe der Stadt Freiburg Im Breisgau : Gemeindebetriebe - Neuere Versuche und Erfahrungen über Die Ausdehnung der Kommunalen Tätigkeit in Deutschland und Im Ausland. II. Band, 5. Teil. Im Auftr. des Ver. Für Socialpol. Hrsg. Von Carl J. Fuchs. (Schriften des Vereins Für Socialpolitik 129-V).

Bibliographic Details
Main Author: Fuchs, Carl Johannes.
Other Authors: Ehrler, Joseph.
Format: eBook
Language:German
Published: Berlin : Duncker & Humblot, 2014.
Edition:1st ed.
Series:Duncker and Humblot Reprints Series
Subjects:
Online Access:Click to View
LEADER 03416nam a22003973i 4500
001 EBC7101324
003 MiAaPQ
005 20240729202204.0
006 m o d |
007 cr cnu||||||||
008 240729s2014 xx o ||||0 ger d
020 |a 9783428573899  |q (electronic bk.) 
020 |z 9783428173891 
035 |a (MiAaPQ)EBC7101324 
035 |a (Au-PeEL)EBL7101324 
035 |a (OCoLC)1347028491 
040 |a MiAaPQ  |b eng  |e rda  |e pn  |c MiAaPQ  |d MiAaPQ 
100 1 |a Fuchs, Carl Johannes. 
245 1 4 |a Die Gemeindebetriebe der Stadt Freiburg Im Breisgau :  |b Gemeindebetriebe - Neuere Versuche und Erfahrungen über Die Ausdehnung der Kommunalen Tätigkeit in Deutschland und Im Ausland. II. Band, 5. Teil. Im Auftr. des Ver. Für Socialpol. Hrsg. Von Carl J. Fuchs. (Schriften des Vereins Für Socialpolitik 129-V). 
250 |a 1st ed. 
264 1 |a Berlin :  |b Duncker & Humblot,  |c 2014. 
264 4 |c {copy}1909. 
300 |a 1 online resource (107 pages) 
336 |a text  |b txt  |2 rdacontent 
337 |a computer  |b c  |2 rdamedia 
338 |a online resource  |b cr  |2 rdacarrier 
490 1 |a Duncker and Humblot Reprints Series 
505 0 |a Intro -- Inhaltsverzeichnis -- Erstes Kapitel. Die Gemeindebetriebe der Stadt Freiburg im Breisgau -- 1. Licht-, Kraft- und Wärmeversorgungsanstalten -- a) Die Gasanstalt -- b) Das Elektrizitätswerk -- c) Die öffentliche Beleuchtung -- 2. Die Wasserversorgung -- 3. Die Straßenbahn -- 4. Markt-, Lager-, Wag- und Eichanstalten -- 5. Der Schlacht- und Viehhof -- 6. Die Sparkasse -- 7. Das Leihhaus -- 8. Schwimm- und Badeanstalten -- a) Das Schwimmbad -- b) Das Volksbad im Stühlinger Schulhaus -- 9. Die Gemeindezeitung -- 10. Die Plakatanstalt -- 11. Die städtische Forstwirtschaft -- 12. Das Stadttheater und -Orchester -- 13. Der städtische Wohnungsbau -- 14. Erstellung von Militärbauten durch die Stadt -- 15. Das städtische Begräbniswesen -- 16. Die Stadtgärtnerei -- 17. Die Holzzerkleinerungsanlagen -- 18. Anstalten und Einrichtungen für die Stadtreinigung -- a) Straßenunterhaltung und Kanalisation -- b) Die Abfuhranstalt -- c) Das Rieselgut -- 19. Das öffentliche Untersuchungsamt und die städtische Desinfektionsanstalt -- 20. Der städtische Krankentransportwagen -- 21. Der städtische Liegenschaftsbesitz und dessen Bewirtschaftung -- 22. Die Beurbarung -- Zweites Kapitel. Die Bedeutung der Gemeindebetriebe für den Gemeindehaushalt (Einnahme- und Zuschußbetriebe) -- Drittes Kapitel. Die Preispolitik der städtischen Betriebe -- Viertes Kapitel. Die Ausführung häufig wiederkehrender Arbeiten in eigener Regie -- Fünftes Kapitel. Die allgemeine Stellung der Gemeindeverwaltung zu der Frage des Eigenbetriebs. 
588 |a Description based on publisher supplied metadata and other sources. 
590 |a Electronic reproduction. Ann Arbor, Michigan : ProQuest Ebook Central, 2024. Available via World Wide Web. Access may be limited to ProQuest Ebook Central affiliated libraries.  
655 4 |a Electronic books. 
700 1 |a Ehrler, Joseph. 
776 0 8 |i Print version:  |a Fuchs, Carl Johannes  |t Die Gemeindebetriebe der Stadt Freiburg Im Breisgau  |d Berlin : Duncker & Humblot,c2014  |z 9783428173891 
797 2 |a ProQuest (Firm) 
830 0 |a Duncker and Humblot Reprints Series 
856 4 0 |u https://ebookcentral.proquest.com/lib/matrademy/detail.action?docID=7101324  |z Click to View